Gold Price Evolution in World Markets
Historický pohľad na spracovávanie zlata. Najväčší producenti zlata. Vplyv výroby zlata na ceny banských spoločností obchodovaných na burze cenných papierov. Historický vývoj ceny zlata.
Enregistré dans:
| Auteur principal: | |
|---|---|
| Autres auteurs: | |
| Format: | Chapitre de livre |
| Langue: | anglais |
| Sujets: | |
| Tags: |
Pas de tags, Soyez le premier à ajouter un tag!
|
MARC
| LEADER | 00000nla a2200000 4500 | ||
|---|---|---|---|
| 001 | 0240013 | ||
| 005 | 20240502073907.1 | ||
| 041 | 0 | |a eng | |
| 044 | |a SK | ||
| 245 | 1 | 0 | |a Gold Price Evolution in World Markets |c Miroslav Klimek, Zuzana Hajduová |
| 520 | |a Historický pohľad na spracovávanie zlata. Najväčší producenti zlata. Vplyv výroby zlata na ceny banských spoločností obchodovaných na burze cenných papierov. Historický vývoj ceny zlata. | ||
| 610 | 2 | 0 | |a vývoj cenový |
| 610 | 2 | 0 | |a zlato |
| 610 | 2 | 0 | |a stratégia investičná |
| 610 | 2 | 0 | |a trh drahých kovov |
| 610 | 2 | 0 | |a trh svetový |
| 610 | 2 | 0 | |a papiere cenné |
| 100 | 1 | |a Klimek, Miroslav | |
| 700 | 1 | |a Hajduová, Zuzana, 1974- | |